| 000 | 00857cab a2200241 4500 | ||
|---|---|---|---|
| 001 | WB3318-29 | ||
| 008 | 090401t1997 xxu||||| |||| 00| 0 eng d | ||
| 035 | _a(Sirsi) u78204 | ||
| 041 | _aeng | ||
| 245 | _aNot the wrong court | ||
| 260 | _c1997 | ||
| 350 | _a0 | ||
| 490 |
_aSolicitors` Journal _v(141) 2 May 1997, 401(1) |
||
| 520 | _a"St Giles Hotel Ltd v Microworld Technology Ltd" CA 1997. Discusses how this case has rescued the property industry from the threats to landlord and tenant county court practices introduced under the Law of Property Act 1969. | ||
| 650 | _aEXCLUSION | ||
| 650 | _aLANDLORD AND TENANT ACT 1954 | ||
| 650 | _aLAW OF PROPERTY ACT 1969 | ||
| 650 | _aSECURITY OF TENURE | ||
| 650 | _aST GILES HOTEL LTD V MICROWORLD TECHNOLOGY LTD | ||
| 690 |
_aLandlord and tenant _96252 |
||
| 942 | _n0 | ||
| 948 | _c07/05/1997 | ||
| 999 |
_c49219 _d49219 |
||